Rozmery skúšobných vzoriek a postup na skúšanie pevnosti v šmyku odporových bodových a lisovaných výstupkových zvarov. STN 05 1138. EN ISO 14273 : 1.8.2002

Gespeichert in:
Bibliographische Detailangaben
Format: Buch
Sprache:Englisch
Veröffentlicht: Bratislava : Slovenský ústav technickej normalizácie, 2002
Schlagworte:
Tags: Tag hinzufügen
Keine Tags, Fügen Sie das erste Tag hinzu!

MARC

LEADER 00000nam a22000003a 4500
001 stu83754
005 20150408161435.8
008 040205s2002----xo------------------eng-d
040 |a STU  |b slo 
041 0 |a eng 
044 |a xo 
080 |a 621.791 
245 |a Rozmery skúšobných vzoriek a postup na skúšanie pevnosti v šmyku odporových bodových a lisovaných výstupkových zvarov. STN 05 1138. EN ISO 14273 :  |b 1.8.2002 
260 |a Bratislava :  |b Slovenský ústav technickej normalizácie,  |c 2002 
300 |a 9 s 
650 7 |a zváranie  |2 stusub 
996 |b 284M058479  |c M*N-931-1  |l MMKN  |s A  |a 24  |w stu83754_0001